[Event "Montigny le Bretonneux op 25th"]
[Site "Montigny le Bretonneux"]
[Date "2023.05.20"]
[Round "6"]
[White "Abdallaoui, Mohamed Mehdi"]
[Black "Baysse, Nathan"]
[Result "1/2-1/2"]
[WhiteElo "1352"]
[BlackElo "1199"]
[PlyCount "80"]
[EventDate "2023.05.18"]
[EventType "swiss"]
[EventRounds "9"]
[EventCountry "FRA"]
[SourceTitle "CBM 214 Extra"]
[Source "ChessBase"]
[SourceDate "2023.07.31"]
[SourceVersion "1"]
[SourceVersionDate "2023.07.31"]
[SourceQuality "1"]

1. Nf3 Nc6 2. d4 d5 3. Bg5 h6 4. Bh4 Bf5 5. c3 Qd6 6. Na3 a6 7. e3 e6 8. Bg3 Qd7 9. Nc2 Be7 10. Be2 Nf6 11. h3 0-0 12. 0-0 Ne4 13. Bh2 Bd6 14. Nce1 Nf6 15. Nd3 Bxd3 16. Bxd3 Qe7 17. Re1 Rfe8 18. a3 Bxh2+ 19. Kxh2 e5 20. dxe5 Nxe5 21. Bc2 Qd6 22. Kg1 Rad8 23. Nxe5 Qxe5 24. Qd4 Qxd4 25. cxd4 c6 26. b4 g6 27. Bd3 b5 28. Rac1 Rd6 29. a4 Ne4 30. Rc2 Kg7 31. Rec1 Ree6 32. Bxe4 dxe4 33. axb5 cxb5 34. Rc5 Kf6 35. d5 Re5 36. Rd1 Ke7 37. Kf1 f5 38. Ke2 g5 39. Rc6 Kd7 40. Rc5 Ke7 1/2-1/2

[Event "Montigny le Bretonneux op 25th"]
[Site "Montigny le Bretonneux"]
[Date "2023.05.18"]
[Round "3"]
[White "Branson, James"]
[Black "Abdallaoui, Mohamed Mehdi"]
[Result "1-0"]
[WhiteElo "1537"]
[BlackElo "1352"]
[PlyCount "33"]
[EventDate "2023.05.18"]
[EventType "swiss"]
[EventRounds "9"]
[EventCountry "FRA"]
[SourceTitle "CBM 214 Extra"]
[Source "ChessBase"]
[SourceDate "2023.07.31"]
[SourceVersion "1"]
[SourceVersionDate "2023.07.31"]
[SourceQuality "1"]

1. e4 c5 2. Nc3 Nc6 3. f4 e6 4. Bc4 a6 5. a4 Nge7 6. d3 d5 7. Bb3 dxe4 8. Nxe4 Nf5 9. Nf3 b6 10. 0-0 Ncd4 11. g4 Nh4 12. Be3 Nhxf3+ 13. Rxf3 Bb7 14. Rg3 Nxb3 15. cxb3 Qd5 16. Qc2 g5 17. Nf6+ 1-0